States of Austria - Map Quiz - Statistics

General Stats
  • This quiz has been taken 961 times
    956 since last reset
  • The average score is 7 of 9
Answers on the Map
Answers color-coded by a green-red scale on the quiz's map according to % correct below.
 
Answer Stats
Answer % Correct
Vienna
93%
Tyrol
85%
Salzburg
83%
Lower Austria
78%
Burgenland
74%
Vorarlberg
72%
Upper Austria
71%
Carinthia
67%
Styria
59%
No matching quizzes found
Score Distribution
Percent of People with Each Score
Percentile by Number Answered
Your Score History
You have not taken this quiz since the last reset